000 00856nam a2200205Ii 4500
003 JO-AjNU
008 230605s9999||||xx |||||||||||||| ||und||
017 _a2014/8/4075
040 _aJO-AjNU
_bara
_erda
_cJO-AjNU
041 _aara
050 1 4 _aDS109.9.N23 2014
100 3 _aندوة يوم القدس الندوة الرابعة والعشرون 5- 6 تشرين الأول 2013,
_eauthor
_947404
245 0 0 _aيوم القدس: الندوة الرابعة والعشرون: شمسنا لن تغيب المنعقدة من 5- 6 تشرين الأول 2013 عمان - الاردن
264 3 1 _aعمان: جمعية يوم القدس، 2014
300 _a128ص
336 _atext
_btxt
_2rdacontent
337 _aunmediated
_bn
_2rdamedia
338 _avolume
_bnc
_2rdacarrier
650 4 _aالقدس - تاريخ - فلسطين - تاريخ
_947405
999 _aA20692
_c24260
_d24260